=LDR 00000nam 2200000 4500 =001 INLIS000000000001670 =005 20130612090054 =008 ***********************************Ind** =035 ##$$0010-061300000001670 =041 ##$$a Ind =082 ##$$a 372.84 =090 ##$$a 372.84, Pen-p =245 ##$$a Pendidikan Agama Islam untuk SD kurikulum 1994 sesuai suplemen GBPP =260 ##$$a 2000 $b Semarang =300 ##$$a ...jil, ilus, 28 cm =650 ##$$a Agama Islam =650 ##$$a Pendidikan Dasar/SD =850 ##$$a NBPNMAT